Introducción a la cultura hispánica
Salvato in:
| Autore principale: | |
|---|---|
| Natura: | Libro |
| Lingua: | spagnolo |
| Pubblicazione: |
Barcelona
Crítica
1982
|
| Serie: | Temas hispánicos, serie general, 98-99
|
| Soggetti: | |
| Tags: |
Aggiungi Tag
Nessun Tag, puoi essere il primo ad aggiungerne!!
|
MARC
| LEADER | 00000nam a2200000 a 4500 | ||
|---|---|---|---|
| 001 | UCX0873 | ||
| 003 | CL-VaPUC | ||
| 008 | 900403e19820000SP |||||||||||||||||spa|d | ||
| 082 | 0 | 4 | |a 946 |b RUS |2 21 |
| 100 | 0 | |a Russell, Peter Edward |e author |9 316254 | |
| 245 | 1 | 0 | |a Introducción a la cultura hispánica |
| 300 | |a 2 v | ||
| 942 | |c BK | ||
| 945 | |d 19900403 00:00:00 | ||
| 260 | |a Barcelona |b Crítica |c 1982 | ||
| 500 | |a v.1: Historia, arte, musica | ||
| 500 | |a v.2: Literatura | ||
| 650 | 0 | |a Arte |9 265238 | |
| 650 | 0 | |a Música |9 306269 | |
| 650 | 0 | |a Literatura española |9 306261 | |
| 650 | 0 | |a Historia y crítica |9 257407 | |
| 650 | 0 | |a Historia |9 255047 | |
| 651 | 0 | |a España |9 254926 | |
| 583 | |a last modification |c 19900403 00:00:00 |k Rodrigo Vera | ||
| 490 | 0 | |a Temas hispánicos, serie general, 98-99 | |
| 999 | |c 222290 |d 222288 | ||
| 952 | |0 0 |1 0 |4 0 |6 946_000000000000000_RUS_1982 |7 0 |8 A |9 216770 |a BIBEDU |b BIBEDU |d 2019-11-15 |h v.1 |i 2856425 |o 946 RUS 1982 |p 2856425 |r 2019-11-15 |w 2019-11-15 |y BK |k LIT | ||
| 952 | |0 0 |1 0 |4 0 |6 946_000000000000000_RUS_1982 |7 0 |8 A |9 216771 |a BIBEDU |b BIBEDU |d 2019-11-15 |h v.2 |i 2856433 |o 946 RUS 1982 |p 2856433 |r 2019-11-15 |w 2019-11-15 |y BK |k LIT | ||
| 952 | |0 0 |1 0 |4 0 |6 946_000000000000000_RUS_1982 |7 0 |8 A |9 216772 |a BIBHIS |b BIBHIS |d 2019-11-15 |h v.1 |i 2856441 |o 946 RUS 1982 |p 2856441 |r 2025-01-20 |w 2019-11-15 |y BK |k HIS | ||
| 952 | |0 0 |1 0 |4 0 |6 946_000000000000000_RUS_1982 |7 0 |8 A |9 216773 |a BIBEDU |b BIBEDU |d 2019-11-15 |h v.1 |i 1461443 |o 946 RUS 1982 |p 1461443 |r 2019-11-15 |w 2019-11-15 |y BK |k LIT | ||
| 952 | |0 0 |1 0 |4 0 |6 946_000000000000000_RUS_1982 |7 0 |8 A |9 216774 |a BIBEDU |b BIBEDU |d 2019-11-15 |h v.2 |i 1461494 |o 946 RUS 1982 |p 1461494 |r 2019-11-15 |w 2019-11-15 |y BK |k LIT | ||
| 952 | |0 0 |1 0 |4 0 |6 946_000000000000000_RUS_1982 |7 0 |8 A |9 216775 |a BIBHIS |b BIBHIS |d 2019-11-15 |h v.2 |i 1383035 |o 946 RUS 1982 |p 1383035 |r 2025-01-20 |w 2019-11-15 |y BK |k HIS | ||
| 952 | |0 0 |1 0 |4 0 |6 946_000000000000000_RUS_1982 |7 0 |8 A |9 216776 |a BIBHIS |b BIBHIS |d 2019-11-15 |h v.2 |i 1383043 |o 946 RUS 1982 |p 1383043 |r 2025-01-20 |w 2019-11-15 |y BK |k HIS | ||